00919nam a22002417a 450000500170000001000130001702000220003003500130005203700160006504000120008108200180009310000320011124501090014326000520025227000550030430000320035950000210039165000300041265000270044294200270046999900190049695201620051520170124110254.0 aA-704174 c00.00a8122405460 aA-704174 bCen Lib/Ret aDPLbEN a621.3121bSUR aSuryanarayana, N.V.9101440 aUtilisation of electric power :bincluding electric drives and electric traction /cby N.V.Suryanarayana aNew DelhibNew Age International Limited c1994 bNew Delhia4835/24, Ansari Road, Daryaganje110002 axiv,340p. :c20cm(Hb)bill. aIncludes index  aElectric heating 9101441 aElectric power9101442 2ddccENh621.3121mSUR c136071d136071 04104070aLbLd2015-10-13eCen Lib/Retg0.00l0o621.3121 SURpA-704174r2015-10-13 00:00:00t1v0.00w2015-10-13yENzW/d List No. 8134/14; dtd 20.2.2017